Romana Beatificationis et Canonizationis Ven. Servi Dei Jacobi Alberione (Record n. 37758)
[ formato base ]
| 000 -LEADER | |
|---|---|
| fixed length control field | 01308nam a22001697a 4500 |
| 003 - CONTROL NUMBER IDENTIFIER | |
| control field | IT-RoPau |
| 005 - DATE AND TIME OF LATEST TRANSACTION | |
| control field | 20220918175938.0 |
| 008 - FIXED-LENGTH DATA ELEMENTS--GENERAL INFORMATION | |
| fixed length control field | 130115b xxu||||| |||| 00| 0 eng d |
| 040 ## - CATALOGING SOURCE | |
| Transcribing agency | IT-RoPau |
| 245 ## - TITLE STATEMENT | |
| Title | Romana Beatificationis et Canonizationis Ven. Servi Dei Jacobi Alberione |
| Remainder of title | Sacerdotis Fundatoris Familiae Paulinae (1884 - 1971) Positio super miraculo |
| 250 ## - EDITION STATEMENT | |
| Edition statement | Congregatio de causis sanctorum P.N. 1290 |
| 260 ## - PUBLICATION, DISTRIBUTION, ETC. (IMPRINT) | |
| Place of publication, distribution, etc. | Roma |
| Name of publisher, distributor, etc. | Nova Res s.r.l. |
| Date of publication, distribution, etc. | 2002 |
| 300 ## - PHYSICAL DESCRIPTION | |
| Extent | s.n.p. |
| Dimensions | 29,5 cm |
| 490 ## - SERIES STATEMENT | |
| Series statement | Cause dei Santi |
| Volume/sequential designation | I |
| 520 ## - SUMMARY, ETC. | |
| Summary, etc. | 1. - Conspectus biographicus<br/>2. - Informatio<br/>3. - Decretum super valititate Inquisitionis Dioecesanae<br/>4. - Tabella Index Testium<br/>5. - Factispecies chronologica<br/>6. - Summarium<br/>7. - Examina a Doct. E. Ensoli expetita<br/>8. - Iudicium medicum legale Doct. V. G. Bilotta<br/>9. - Iudicium medicum legale Prof. I. C. Nicotra<br/>10. - Relatio Consultae Medicae diei 20. XI. 1997<br/>11. - Documenta a postulatione exhibita post C.M. 20. XI. 1997<br/>12. - Rescriptum Congregationis C.S. diei 3. IV. 1998<br/>13. - Relatio Consultae Medicae diei 18. VI. 1998<br/>14. - Doc. ab. Actoribus producta post C. M. DIEI 18. VI. 1998<br/>15. - Iudicium medicum legale Prof. F. Furlanello<br/>16. - Iudicium medicum legale Prof. F. D' Onofrio<br/>17. - Relatio Consultae Medicae diei 21. II. 2002<br/> <br/> |
| 942 ## - ADDED ENTRY ELEMENTS (KOHA) | |
| Source of classification or shelving scheme | Dewey Decimal Classification |
| Koha item type | LIBRO |
| Withdrawn status | Lost status | Source of classification or shelving scheme | Damaged status | Not for loan | Home library | Current library | Date acquired | Total Checkouts | Full call number | Date last seen | Price effective from | Koha item type |
|---|---|---|---|---|---|---|---|---|---|---|---|---|
| Dewey Decimal Classification | Buone Condizioni | Not For Loan | PAULUS-BIBLIOTECA | PAULUS-BIBLIOTECA | 15/01/2013 | P A8 | 15/01/2013 | 15/01/2013 | LIBRO |